Cuộc phiêu lưu của văn ngan tướng công

Guardat en:
Dades bibliogràfiques
Autor principal: Vũ, Tú Nam
Format: Llibre
Idioma:Undetermined
Publicat: Hà Nội Hội nhà văn 2018
Matèries:
Etiquetes: Afegir etiqueta
Sense etiquetes, Sigues el primer a etiquetar aquest registre!
Thư viện lưu trữ: Trung tâm Học liệu Trường Đại học Cần Thơ
LEADER 00550nam a2200181Ia 4500
001 CTU_228830
008 210402s9999 xx 000 0 und d
082 |a 895.9223 
082 |b N104 
100 |a Vũ, Tú Nam 
245 0 |a Cuộc phiêu lưu của văn ngan tướng công 
245 0 |c Vũ Tú Nam 
260 |a Hà Nội 
260 |b Hội nhà văn 
260 |c 2018 
650 |a Truyện ngắn Việt Nam,Short stories, Vietnamese 
910 |b nthai 
980 |a Trung tâm Học liệu Trường Đại học Cần Thơ